000 00295nam a22001337a 4500
008 170411b xxu||||| |||| 00| 0 eng d
020 _a9780763738068
041 _aeng
080 _a612.39
100 _a10
101 _aSHM
245 _aNUTRITION EDUCATION
_cCONTENTO, I.R
942 _2udc
_cBK
999 _c10449
_d10449